000 00710nam a2200205 i 4500
001 101587
003 ES-MaACL
005 20250829035535.0
007 t|
008 051020s1943 mx ||||1| spa d
100 1 _aMeinecke, Friedrich.
_979845
245 1 3 _aEl historicismo y su génesis /
_cFriedrich Meinecke; versión española de José Mingarro y San Martín y Tomás Muñoz Molina.
250 _a[1ª ed. española].
260 _aMéxico :
_bFondo de Cultura Económica,
_c1943.
300 _a522 p. ;
_c25 cm.
700 1 _aMingarro y San Martín, José.
_981330
700 1 _aMuñoz Molina, Tomás,
_d1896-
_984463
852 _aES-MaACL
_jD-6849
_bR.29394
999 _c101587
_d101587